<?xml version="1.0" encoding="UTF-8"?>
<collection xmlns:xsi="http://www.w3.org/2001/XMLSchema-instance" xsi:schemaLocation="http://www.loc.gov/MARC21/slim http://www.loc.gov/standards/marcxml/schema/MARC21slim.xsd" xmlns="http://www.loc.gov/MARC21/slim">
 <record>
  <leader>00000cam a22000004i 4500</leader>
  <controlfield tag="001">UP-99796217612861975</controlfield>
  <controlfield tag="003">Buklod</controlfield>
  <controlfield tag="005">20181005110436.0</controlfield>
  <controlfield tag="006">t     rm   |||| ud</controlfield>
  <controlfield tag="007">ta</controlfield>
  <controlfield tag="008">181005s2016    xx     d     r    |||| u|</controlfield>
  <datafield tag="020" ind1=" " ind2=" ">
   <subfield code="a">9780415642491 (hbk)</subfield>
  </datafield>
  <datafield tag="035" ind1=" " ind2=" ">
   <subfield code="a">(iLib)UPD-00395564509</subfield>
  </datafield>
  <datafield tag="037" ind1=" " ind2=" ">
   <subfield code="a">FA-6642</subfield>
   <subfield code="b">Megatexts</subfield>
   <subfield code="c">Php 23,275.00</subfield>
  </datafield>
  <datafield tag="040" ind1=" " ind2=" ">
   <subfield code="a">DLC</subfield>
   <subfield code="d">DCFA</subfield>
   <subfield code="e">rda</subfield>
  </datafield>
  <datafield tag="041" ind1=" " ind2=" ">
   <subfield code="a">eng</subfield>
  </datafield>
  <datafield tag="042" ind1=" " ind2=" ">
   <subfield code="a">DMLUC</subfield>
  </datafield>
  <datafield tag="090" ind1=" " ind2=" ">
   <subfield code="a">P 53.285</subfield>
   <subfield code="b">R68 2016</subfield>
  </datafield>
  <datafield tag="245" ind1="0" ind2="4">
   <subfield code="a">The Routledge handbook of language and digital communication</subfield>
   <subfield code="c">edited by Alexandra Georgakopoulou and Tereza Spilioti.</subfield>
  </datafield>
  <datafield tag="246" ind1="3" ind2="0">
   <subfield code="a">Handbook of language and digital communication</subfield>
  </datafield>
  <datafield tag="264" ind1=" " ind2="1">
   <subfield code="a">London</subfield>
   <subfield code="b">Routledge</subfield>
   <subfield code="c">2016.</subfield>
  </datafield>
  <datafield tag="300" ind1=" " ind2=" ">
   <subfield code="a">xiii, 434 pages</subfield>
   <subfield code="b">illustrations</subfield>
   <subfield code="c">26 cm</subfield>
  </datafield>
  <datafield tag="336" ind1=" " ind2=" ">
   <subfield code="a">text</subfield>
   <subfield code="2">rdacontent</subfield>
  </datafield>
  <datafield tag="337" ind1=" " ind2=" ">
   <subfield code="a">unmediated</subfield>
   <subfield code="2">rdamedia</subfield>
  </datafield>
  <datafield tag="338" ind1=" " ind2=" ">
   <subfield code="a">volume</subfield>
   <subfield code="2">rdacarrier</subfield>
  </datafield>
  <datafield tag="490" ind1="0" ind2=" ">
   <subfield code="a">Routledge handbooks in applied linguistics</subfield>
  </datafield>
  <datafield tag="504" ind1=" " ind2=" ">
   <subfield code="a">Includes bibliographical references (pages 415-416) and index.</subfield>
  </datafield>
  <datafield tag="505" ind1="0" ind2=" ">
   <subfield code="a">Introduction by Alexandra Georgakopoulou and Tereza Spilioti --</subfield>
   <subfield code="t">Approaches to language variation</subfield>
   <subfield code="r">Lars Hinrichs --</subfield>
   <subfield code="t">Network analysis</subfield>
   <subfield code="r">John C. Paolillo --</subfield>
   <subfield code="t">Digital ethnography</subfield>
   <subfield code="r">Piia Varis --</subfield>
   <subfield code="t">Multimodal analysis</subfield>
   <subfield code="r">Carey Jewitt --</subfield>
   <subfield code="t">Digital genres and processes of remediation</subfield>
   <subfield code="r">Theresa Heyd --</subfield>
   <subfield code="t">Style, creativity and play</subfield>
   <subfield code="r">Yukiko Nishimura --</subfield>
   <subfield code="t">Multilingual resources and practices in digital communication</subfield>
   <subfield code="r">Carmen Lee --</subfield>
   <subfield code="t">Digital discourses: a critical perspective</subfield>
   <subfield code="r">Tereza Spilioti --</subfield>
   <subfield code="t">Digital media and literacy development</subfield>
   <subfield code="r">Michele Knobele and Colin Lankshear --</subfield>
   <subfield code="t">Vernacular literacy: orthography and literacy practices</subfield>
   <subfield code="r">Josh Iorio --</subfield>
   <subfield code="t">Texting and language learning</subfield>
   <subfield code="r">Sam Waldron, Nenagh Kemp and Clare Wood --</subfield>
   <subfield code="t">Digital media in workplace interactions</subfield>
   <subfield code="r">Erika Darics --</subfield>
   <subfield code="t">Digital advertising</subfield>
   <subfield code="r">Helen Kelly-Holmes --</subfield>
   <subfield code="t">Corporate blogging and corporate social media</subfield>
   <subfield code="r">Cornelius Puschmann and Rebecca Hagelmoser --</subfield>
   <subfield code="t">Twitter: design, discourse, and the implications of public text</subfield>
   <subfield code="r">Lauren Squires --</subfield>
   <subfield code="t">The role of the body and space in digital multimodality</subfield>
   <subfield code="r">Elizabeth Keating --</subfield>
   <subfield code="t">Second life: language and virtual identity</subfield>
   <subfield code="r">Ashraf R. Abdullah --</subfield>
   <subfield code="t">Online multiplayer games</subfield>
   <subfield code="r">Lisa Newon --</subfield>
   <subfield code="t">Relationality, friendship, and identity in digital communication</subfield>
   <subfield code="r">Sage Lambert Graham --</subfield>
   <subfield code="t">Online communities and communities of practice</subfield>
   <subfield code="r">Jo Angouri --</subfield>
   <subfield code="t">Facebook and the discursive construction of the social network</subfield>
   <subfield code="r">Caroline Tagg and Philip Seargeant --</subfield>
   <subfield code="t">Youtube: language and discourse practices in participatory culture</subfield>
   <subfield code="r">Jannis Androutsopoulos and Jana Tereick --</subfield>
   <subfield code="t">Translocality</subfield>
   <subfield code="r">Samu Kytola --</subfield>
   <subfield code="t">Social reading in a digital world</subfield>
   <subfield code="r">Naomi S. Baron --</subfield>
   <subfield code="t">New frontiers in interactive multimodal communication</subfield>
   <subfield code="r">Susan C. Herring --</subfield>
   <subfield code="t">Moving between the big and the small: identity and interaction in digital contexts</subfield>
   <subfield code="r">Ruth Page --</subfield>
   <subfield code="t">Surveillance</subfield>
   <subfield code="r">Rodney H. Jones --</subfield>
   <subfield code="t">Choose now! Media, literacies, identities, politics</subfield>
   <subfield code="r">Charles M. Ess</subfield>
  </datafield>
  <datafield tag="520" ind1=" " ind2=" ">
   <subfield code="a">&quot;The Routledge handbook of language and digital communication provides a comprehensive, state-of-the-art overview of language-focused research on digital communication, taking stock and registering the latest trends that set the agenda for future developments in this thriving and fast-moving field. The contributors are all leading figures or established authorities in their areas, covering a wide range of topics and concerns in the following seven sections: methods and perspective ; language resources, genres, and discourses ; digital literacies ; digital communication in public, digital selves and online-offline lives ; communities, networks, relationships ; new debates and further directions. This volume showcases critical syntheses of the established literature on key topics and issues and, at the same time, reflects upon and engages with cutting edge research and new directions for study (as emerging within social media). A wide range of languages are represented, from Japanese, Greek, German and Scandinavian languages, to computer-mediated Arabic, Chinese and African languages.&quot; -- Provided by publisher</subfield>
  </datafield>
  <datafield tag="650" ind1=" " ind2="0">
   <subfield code="a">Language and languages</subfield>
   <subfield code="x">Computer network resources</subfield>
   <subfield code="v">Handbooks, manuals, etc.</subfield>
  </datafield>
  <datafield tag="650" ind1=" " ind2="0">
   <subfield code="a">Digital communications</subfield>
   <subfield code="v">Handbooks, manuals, etc.</subfield>
  </datafield>
  <datafield tag="700" ind1="1" ind2=" ">
   <subfield code="a">Georgakopoulou, Alexandra</subfield>
   <subfield code="e">editor.</subfield>
  </datafield>
  <datafield tag="700" ind1="1" ind2=" ">
   <subfield code="a">Spilioti, Tereza</subfield>
   <subfield code="e">editor.</subfield>
  </datafield>
  <datafield tag="905" ind1=" " ind2=" ">
   <subfield code="a">FO</subfield>
  </datafield>
  <datafield tag="852" ind1="0" ind2=" ">
   <subfield code="a">UPD</subfield>
   <subfield code="b">DCFA</subfield>
   <subfield code="h">P 53.285</subfield>
   <subfield code="i">R68 2016</subfield>
  </datafield>
  <datafield tag="942" ind1=" " ind2=" ">
   <subfield code="a">Book</subfield>
  </datafield>
 </record>
</collection>
